Koncepce procesu odstátnění a privatizace.
Proces oddeľovania verejného a súkromného sektoru ekonomiky. Komercializácia. Privatizácia. Legislatívne podmienky procesu odštátnenia a následnej privatizácie a jeho celkové inštitucionálne usporiadanie. Úrady pre dočasnú správu národného majetku a jeho privatizáciu. Komisie pre odštátnenie. Postup...
Saved in:
| Format: | Book Chapter |
|---|---|
| Language: | Czech |
| Subjects: | |
| Tags: |
No Tags, Be the first to tag this record!
|
MARC
| LEADER | 00000naa a2200000 4500 | ||
|---|---|---|---|
| 001 | r002943 | ||
| 005 | 20220819180854.3 | ||
| 041 | 0 | |a cze | |
| 044 | |a [CS] | ||
| 245 | 1 | 0 | |a Koncepce procesu odstátnění a privatizace. |
| 520 | |a Proces oddeľovania verejného a súkromného sektoru ekonomiky. Komercializácia. Privatizácia. Legislatívne podmienky procesu odštátnenia a následnej privatizácie a jeho celkové inštitucionálne usporiadanie. Úrady pre dočasnú správu národného majetku a jeho privatizáciu. Komisie pre odštátnenie. Postup vlastnej privatizácie. Radikálna privatizácia štátnych akciových spoločností. | ||
| 610 | 2 | 0 | |a deetatizácia |
| 610 | 2 | 0 | |a privatizácia |
| 610 | 2 | 0 | |a sektor štátny |
| 610 | 2 | 0 | |a sektor verejný |
| 610 | 2 | 0 | |a sektor súkromný |
| 610 | 2 | 0 | |a majetok národný |
| 610 | 2 | 0 | |a spoločnosti akciové |
| 610 | 2 | 0 | |a koncepcie |
| 610 | 2 | 0 | |a ČSFR |
| 610 | 2 | 0 | |a legislatíva |